Socialdemocracia republicana: hacia una formulación cívica del socialismo

Saved in:
Bibliographic Details
Main Author: Cordero Fuertes, Juan Antonio (Author)
Format: Book
Language:Spanish
Published: Barcelona Montesinos 2008
Series:Ensayo
Subjects:
Tags: Add Tag
No Tags, Be the first to tag this record!

MARC

LEADER 00000nam a2200000 a 4500
001 UCH5198
003 CL-VaPUC
008 091008e20080000SP |||||||||||||||||spa|d
020 |a 9788496831629 
082 0 4 |a 320.5315  |b COR  |2 21 
100 0 |a Cordero Fuertes, Juan Antonio  |e author  |9 541423 
245 1 0 |a Socialdemocracia republicana: hacia una formulación cívica del socialismo 
300 |a 291 p 
942 |c BK 
945 |d 20091008 00:00:00  |a rbrito 
260 |a Barcelona  |b Montesinos  |c 2008 
650 7 |a SOCIALDEMOCRACIA  |2 CL-VaPUC  |9 449515 
650 0 |a Socialismo  |9 255260 
650 0 |a Partidos políticos  |9 254999 
650 7 |a FILOSOFIA POLITICA  |2 CL-VaPUC  |9 541424 
650 0 |a Ideologías políticas   |9 255735 
583 |a last modification  |c 20160913 04:33:02  |k Rodrigo Vera 
490 0 |a Ensayo 
999 |c 336380  |d 336378 
952 |0 0  |1 0  |4 0  |6 320_531500000000000_COR_2008  |7 0  |8 A  |9 427644  |a BIBHIS  |b BIBHIS  |d 2019-11-22  |i 4607015  |o 320.5315 COR 2008  |p 4607015  |r 2025-01-20  |w 2019-11-22  |y BK  |k HIS